LEADER 00898nam a2200205 i 4500 001 000000234089 003 CaOOAMICUS 005 20190329130617.0 008 141006s1734 it u000 u lat u 013 $a212992 026 $audo- 3.us e-*. imCA (C) 1734 (R) - [*= ae] 040 $aSeMil$bita 245 13$a5: P-R. 300 $a[4] p., 1562 col, [1] p. 500 $aSegn.: pg2 A-5E4 5F4(-5F4). 773 0 $aDu Cange, Charles <1610-1688>$tGlossarium ad scriptores mediae et infimae latinitatis, auctore Carolo Dufresne ... Tomus 1. [-6.].$bEditio nova locupletior et auctior, opera & studio monachorum ordinis S. Benedicti.$dParisiis : Sub Oliva Caroli Osmont, via San-Jacobaea, 1733-1736.$g5$w()30648 850 $aSeMil 852 $aSeMil$W1$xVenegono$y1$m1A VIII 12 FA$j184435$B184435$CSeMilBibl$Z2$F195420 $8I 996 $6245$a5: P-R$9(OLS)http://semarc/title/192830 LEADER 01030nam a2200217 i 4500 001 000000191816 003 CaOOAMICUS 005 20100826000000.0 008 100826s1906 it u000 u ita u 013 $a170388 040 $aSeMil$bita 100 1 $aClementi, Giuseppe.$0(OLS)http://semarc/name/69257 245 14$aGli otto martiri tonchinesi dell'Ordine di S. Domenico :$bsolennemente beatificati da Pio papa 10. nell'anno 1906 /$cGiuseppe Clementi. 260 $aRoma :$bTipografia Poliglotta Vaticana,$c1906. 300 $aXV, 431 p. :$bill. ;$c24 cm. 500 $aContiene : Appendice. 650 4$aMartiri cristiani - Cina.$0(OLS)http://semarc/subject/15875 850 $aSeMil 852 $aSeMil$W1$xVenegono$y1$m3H IV 47$j142424$B142424$CSeMilBibl$Z2$F153959 $81 996 $6245$aGli otto martiri tonchinesi dell'Ordine di S. Domenico :$bsolennemente beatificati da Pio papa 10. nell'anno 1906$9(OLS)http://semarc/title/276336 996 $6260$aRoma :$bTipografia Poliglotta Vaticana$9(OLS)http://semarc/publisher/30471